Érzelem és hazugságvizsgálat a gazdasági- és diplomáciai életben

Bibliográfiai részletek
Szerző: Lente Dávid
További közreműködők: Bodnár László
Dokumentumtípus: Diplomadolgozat
Kulcsszavak:Diplomácia
Kommunikáció
Gazdaság
Online Access:http://dolgozattar.uni-bge.hu/491

MARC

LEADER 00000nta a2200000 i 4500
001 dolg491
005 20151016101400.0
008 150305suuuu hu om 000 hun d
040 |a BGE Dolgozattár Repozitórium  |b hun 
041 |a hu 
100 1 |a Lente Dávid 
245 1 0 |a Érzelem és hazugságvizsgálat a gazdasági- és diplomáciai életben  |c Lente Dávid  |h [elektronikus dokumentum] 
695 |a Diplomácia 
695 |a Kommunikáció 
695 |a Gazdaság 
700 1 |a Bodnár László  |e ths 
856 4 0 |u http://dolgozattar.uni-bge.hu/491/1/Szakdolgozat.pdf  |z Dokumentum-elérés